000 00696nam a2200229 a 4500
005 20230822063734.0
008 991125n 000 0 spa u
035 _aUPN01000064991
100 1 _aSánchez Escobedo, Pedro Antonio,
_d1959-
_931464
222 _aREVISTA DE LA UNIVERSIDAD AUTONOMA DE YUCATAN
245 _aAspectos metodológicos de la investigación transcultural en educación
260 _aMéxico
300 _a22-27
362 _a1992 Vol. 7, no. 181, abr.-jun.
653 0 _aBASES DE DATOS
653 0 _aINFORMACION
653 0 _aINVESTIGACION TRANSCULTURAL
700 1 _aArcudia Abad, Carlos E.,
700 1 _ecoaut.
904 _aAC
_b002802
905 _aArticulo
999 _c62852
_d62852